000 00405nam a2200181Ia 4500
001 3997
005 20260306145724.0
008 260306t2007||||xx |||||||||||||| ||spa||
041 _aESP
082 _a306.2
_bB28
100 _aBauman, Zygmunt
_eAUT
245 0 _aEn busca de la política
260 _c2007
300 _apágs. :
_ccm.
650 _aGEN
654 _aCHU
942 _cLIB
_dJUS
_fJUS
_2ddc
_n
999 _c3997
_d3997